[Event "Cattolica op-B 3rd"]
[Site "Cattolica"]
[Date "2007.05.13"]
[Round "4"]
[White "Di Carlo, Romeo"]
[Black "Trebeschi, Andrea"]
[Result "1/2-1/2"]
[WhiteElo "2075"]
[BlackElo "2057"]
[PlyCount "70"]
[EventDate "2007.05.11"]
[EventType "swiss"]
[EventRounds "5"]
[EventCountry "ITA"]
[SourceTitle "EXT 2024"]
[Source "ChessBase"]
[SourceDate "2023.10.10"]
[SourceVersion "1"]
[SourceVersionDate "2023.10.10"]
[SourceQuality "1"]

1. d4 d6 2. Bf4 Nf6 3. e3 g6 4. Be2 Bg7 5. Nf3 0-0 6. 0-0 Nbd7 7. h3 b6 8. c4 c5 9. Nc3 Bb7 10. Bh2 Ne4 11. Nxe4 Bxe4 12. Nd2 Bb7 13. Bf3 Qc7 14. Bxb7 Qxb7 15. Nf3 a6 16. Qe2 Rab8 17. Rac1 b5 18. dxc5 Nxc5 19. b4 Ne4 20. c5 Rbc8 21. cxd6 Nxd6 22. Bxd6 exd6 23. Qd3 Rfd8 24. Rfd1 h6 25. Nd4 Bxd4 26. Qxd4 h5 27. e4 Rc6 28. Rxc6 Qxc6 29. Qf6 Rd7 30. e5 Qc3 31. Rxd6 Rxd6 32. Qxd6 Qe1+ 33. Kh2 Qxf2 34. e6 fxe6 35. Qxe6+ Qf7 1/2-1/2

[Event "Cattolica op-B 3rd"]
[Site "Cattolica"]
[Date "2007.05.13"]
[Round "5"]
[White "La Manna, Andrea"]
[Black "Di Carlo, Romeo"]
[Result "1/2-1/2"]
[WhiteElo "2097"]
[BlackElo "2075"]
[PlyCount "83"]
[EventDate "2007.05.11"]
[EventType "swiss"]
[EventRounds "5"]
[EventCountry "ITA"]
[SourceTitle "EXT 2024"]
[Source "ChessBase"]
[SourceDate "2023.10.10"]
[SourceVersion "1"]
[SourceVersionDate "2023.10.10"]
[SourceQuality "1"]

1. d4 d5 2. c4 c6 3. Nc3 dxc4 4. e4 b5 5. a4 b4 6. Na2 Nf6 7. f3 e6 8. Bxc4 Be7 9. Be3 0-0 10. Ne2 a5 11. Nac1 Nbd7 12. Nd3 Bb7 13. Rc1 Rc8 14. Bb3 Qb6 15. Qc2 e5 16. Kf2 exd4 17. Nxd4 Qa6 18. Nf5 Rfe8 19. Bc4 Qa8 20. Qb3 Bf8 21. Bxf7+ Kh8 22. Bxe8 Rxe8 23. Nc5 Ne5 24. Rhd1 Bxc5 25. Bxc5 Bc8 26. Nd6 Be6 27. Qc2 Rb8 28. Kg1 Bg8 29. Bd4 Ned7 30. e5 Nd5 31. Qxc6 Qxc6 32. Rxc6 Nf4 33. Rc7 Bb3 34. Re1 Nf8 35. Rc8 Rxc8 36. Nxc8 N8e6 37. Bb6 Bxa4 38. Bxa5 Nd3 39. Re2 Bb5 40. Rd2 b3 41. Nd6 Ba6 42. Ne8 1/2-1/2

[Event "Cattolica op-B 3rd"]
[Site "Cattolica"]
[Date "2007.05.12"]
[Round "3"]
[White "Battisti, Eugenio"]
[Black "Di Carlo, Romeo"]
[Result "1/2-1/2"]
[WhiteElo "2033"]
[BlackElo "2075"]
[PlyCount "66"]
[EventDate "2007.05.11"]
[EventType "swiss"]
[EventRounds "5"]
[EventCountry "ITA"]
[SourceTitle "EXT 2024"]
[Source "ChessBase"]
[SourceDate "2023.10.10"]
[SourceVersion "1"]
[SourceVersionDate "2023.10.10"]
[SourceQuality "1"]

1. e4 d6 2. d4 Nf6 3. f3 c6 4. Ne2 Nbd7 5. Be3 e5 6. c3 Be7 7. Ng3 Nf8 8. Nd2 Qc7 9. Bc4 b5 10. Bb3 Rb8 11. 0-0 Ng6 12. Nf5 0-0 13. g4 Re8 14. dxe5 dxe5 15. Qe1 Bf8 16. Bg5 Nd7 17. Rd1 Nc5 18. Qe2 Be6 19. h4 Bxb3 20. Nxb3 Ne6 21. Be3 Ngf4 22. Qh2 a5 23. Nc1 g6 24. Ng3 Bc5 25. Bxc5 Nxc5 26. Nge2 Nce6 27. Nxf4 Nxf4 28. Ne2 Ne6 29. h5 Rbd8 30. Qh4 Qb6+ 31. Qf2 Qxf2+ 32. Kxf2 Rxd1 33. Rxd1 Rd8 1/2-1/2